Countries with L in Their Name - Statistics

General Stats
  • This quiz has been taken 3,493 times
    3,290 since last reset
  • The average score is 48 of 62
Answer Stats
Continent Country % Correct
Europe Latvia
94%
Europe Lithuania
93%
Asia Laos
91%
Europe Luxembourg
90%
Africa Libya
89%
Asia Lebanon
88%
Africa Liberia
88%
Europe Liechtenstein
87%
Oceania Australia
86%
South America Brazil
86%
Europe Finland
86%
Africa Lesotho
86%
Europe Ireland
85%
Europe Albania
84%
Africa Algeria
84%
South America Colombia
84%
Europe Iceland
83%
South America Bolivia
82%
Europe Portugal
82%
Europe Belgium
81%
Europe Poland
81%
South America Chile
80%
Europe Belarus
79%
Europe Slovakia
79%
Europe Slovenia
79%
North America Belize
78%
Europe Bulgaria
78%
Europe Italy
78%
Oceania Marshall Islands
78%
Oceania New Zealand
78%
North America El Salvador
77%
Asia Malaysia
77%
Europe Netherlands
77%
Europe Switzerland
77%
Africa Angola
76%
Africa Mali
76%
Europe Malta
76%
Oceania Solomon Islands
76%
South America Venezuela
76%
North America Guatemala
75%
Asia Mongolia
75%
Asia Thailand
75%
Asia Israel
74%
North America Saint Lucia
74%
Europe Moldova
73%
Africa Malawi
72%
Asia Maldives
72%
Africa Somalia
72%
Oceania Palau
71%
Asia Philippines
71%
Africa Central African Republic
70%
Africa Democratic Republic of the Congo
70%
Asia Nepal
70%
Asia Bangladesh
69%
Africa Seychelles
69%
Oceania Tuvalu
69%
Africa Senegal
68%
Asia Sri Lanka
67%
Africa Republic of the Congo
66%
Africa Equatorial Guinea
65%
Africa Sierra Leone
64%
North America Dominican Republic
62%
No matching quizzes found
Score Distribution
Percent of People with Each Score
Percentile by Number Answered
Your Score History
You have not taken this quiz since the last reset